Southville International School and Colleges
Your cart is empty.
  • Cart
  • Lists
    Public lists Eva Luna New books Lux_list list_1
    Your lists Log in to create your own lists
  • Log in to your account
  • Your cookies
  • Search history
Southville International School and Colleges
  • Advanced search
  • Recent comments
  • Most popular
  • Libraries

Log in to your account

Log in with GOOGLE


If you do not have an external account, but do have a local account, you can still log in:

  1. Home
  2. MARC view: Media literacy in schools :
Normal view MARC view ISBD view

Media literacy in schools : (Record no. 39633)

[ view plain ]
MARC details
000 -LEADER
fixed length control field 00672nam a2200205 a 4500
005 - DATE AND TIME OF LATEST TRANSACTION
control field 20140311163031.0
008 - FIXED-LENGTH DATA ELEMENTS--GENERAL INFORMATION
fixed length control field 100224s19uu xx 00 eng d
020 ## - INTERNATIONAL STANDARD BOOK NUMBER
International Standard Book Number 978412922166
050 ## - LIBRARY OF CONGRESS CALL NUMBER
Classification number P 96.M4
Item number .B93 2007
100 ## - MAIN ENTRY--PERSONAL NAME
Personal name Burn, Andrew
245 ## - TITLE STATEMENT
Title Media literacy in schools :
Remainder of title practice, production and progression /
Statement of responsibility, etc Andrew Burn, James Durran.
260 ## - PUBLICATION, DISTRIBUTION, ETC. (IMPRINT)
Place of publication, distribution, etc London :
Name of publisher, distributor, etc Paul Chapman Publishing,
Date of publication, distribution, etc 2007.
300 ## - PHYSICAL DESCRIPTION
Extent 187 p. :
Other physical details ill. ;
Dimensions 24 cm.
521 ## - TARGET AUDIENCE NOTE
Target audience note
650 ## - SUBJECT ADDED ENTRY--TOPICAL TERM
Topical term or geographic name as entry element Media literacy
General subdivision education.
650 ## - SUBJECT ADDED ENTRY--TOPICAL TERM
Topical term or geographic name as entry element Literacy
General subdivision education. 3. Media literacy
-- curriculum planning
-- design.
700 ## - ADDED ENTRY--PERSONAL NAME
Personal name Durran, James
942 ## - ADDED ENTRY ELEMENTS (KOHA)
Koha item type Books
Source of classification or shelving scheme Library of Congress Classification
Call number prefix Foreign
Holdings
Withdrawn status Lost status Source of classification or shelving scheme Damaged status Home library Current library Shelving location Date acquired Source of acquisition Total Checkouts Full call number Barcode Date last seen Copy number Price effective from Koha item type
    Library of Congress Classification   College Library College Library General Circulation Section 02/24/2010 Donation   P 96.M4 .B93 2007 C11128 05/15/2018 1 10/18/2013 Books

Media literacy in schools :

APA

Burn A., Durran J., . (2007). Media literacy in schools. London: Paul Chapman Publishing.

Chicago

Burn Andrew, Durran James, . 2007. Media literacy in schools. London: Paul Chapman Publishing.

Harvard

Burn A., Durran J., . (2007). Media literacy in schools. London: Paul Chapman Publishing.

MLA

Burn Andrew, Durran James, . Media literacy in schools. London: Paul Chapman Publishing. 2007.

  • Place hold
  • Print
  • Cite
  • Add to your cart (remove)
  • Save record
    BIBTEX Dublin Core MARCXML MARC (non-Unicode/MARC-8) MARC (Unicode/UTF-8) MARC (Unicode/UTF-8, Standard) MODS (XML) RIS
  • More searches
    Search for this title in:
    Other Libraries (WorldCat) Other Databases (Google Scholar) Online Stores (Bookfinder.com) Open Library (openlibrary.org)

Exporting to Dublin Core...

SOUTHVILLE LIBRARY

Southville International School and Colleges Library

1281 Tropical Ave. Cor. Luxembourg St., BF Homes International, Las Pinas City

Tel. No. 8256374 / 252358 Loc. 117/146

Powered by Koha